000 00306nam a22001337a 4500
008 170829b xxu||||| |||| 00| 0 eng d
020 _a0156978330
041 _aeng
080 _23 ED
_a070
100 _a39
101 _aMED
245 _aTHE WRITING COMMUNICATION
_cADELSTEIN.M.
942 _2udc
_cBK
999 _c25257
_d25257